书目信息 |
| 题名: |
裂隙岩体的流固耦合传热机理及其应用
|
|
| 作者: | 张树光 , 李永靖 著 | |
| 分册: | ||
| 出版信息: | 沈阳 东北大学出版社 2014 |
|
| 页数: | 175页 | |
| 开本: | 24cm | |
| 丛书名: | ||
| 单 册: | ||
| 中图分类: | TU45 | |
| 科图分类: | ||
| 主题词: | 岩石力学--渗流力学 , 岩石力学--流体动力学 | |
| 电子资源: | ||
| ISBN: | 978-7-5517-0759-6 | |
| 000 | 01303nam0 2200289 450 | |
| 001 | 012015000339 | |
| 005 | 20150911083525.09 | |
| 010 | @a978-7-5517-0759-6@dCNY33.00 | |
| 100 | @a20150310d2014 em y0chiy50 ea | |
| 101 | 0 | @achi |
| 102 | @aCN@b210000 | |
| 105 | @aa z 000yy | |
| 106 | @ar | |
| 200 | 1 | @a裂隙岩体的流固耦合传热机理及其应用@Alie xi yan ti de liu gu ou he chuan re ji li ji qi ying yong@f张树光,李永靖著 |
| 210 | @a沈阳@c东北大学出版社@d2014 | |
| 215 | @a175页@c图@d24cm | |
| 300 | @a国家自然科学基金资助 辽宁省高校杰出青年学者成长计划资助 | |
| 312 | @a封面英文题名:The heat-transfer mechanism and application of fractured rock in fluid-solid coupling | |
| 330 | @a本书基于信息元数据模型,选取影响岩土体导热能力的物理参数作为信息元,单独分析孔隙率、裂隙、裂隙水流速和流体黏性作为信息元对岩土体传热的不同作用,得出信息元和等效导热系数之间的关系及对岩体温度场的影响,建立深部岩体的流固耦合传热机理理论,为矿井热害治理提供基础。 | |
| 510 | 1 | @aHeat-transfer mechanism and application of fractured rock in fluid-solid coupling@zeng |
| 606 | 0 | @a岩石力学@x渗流力学 |
| 606 | 0 | @a岩石力学@x流体动力学 |
| 690 | @aTU45@v5 | |
| 701 | 0 | @a张树光@Azhang shu guang@4著 |
| 701 | 0 | @a李永靖@Ali yong jing@4著 |
| 801 | 0 | @aCN@b碧洲教育@c20150716 |
| 905 | @a10447@f4@dTU45@e683 | |
| 裂隙岩体的流固耦合传热机理及其应用/张树光,李永靖著.-沈阳:东北大学出版社,2014 |
| 175页:图;24cm |
| 国家自然科学基金资助 辽宁省高校杰出青年学者成长计划资助 |
| ISBN 978-7-5517-0759-6:CNY33.00 |
| 本书基于信息元数据模型,选取影响岩土体导热能力的物理参数作为信息元,单独分析孔隙率、裂隙、裂隙水流速和流体黏性作为信息元对岩土体传热的不同作用,得出信息元和等效导热系数之间的关系及对岩体温度场的影响,建立深部岩体的流固耦合传热机理理论,为矿井热害治理提供基础。 |
| ● |
| 相关链接 |
|
|
|
|
正题名:裂隙岩体的流固耦合传热机理及其应用
索取号:TU45/683
 
预约/预借
| 序号 | 登录号 | 条形码 | 馆藏地/架位号 | 状态 | 备注 |
| 1 | 0849687 | 208496876 | 第二样本阅览室/ [索取号:TU45/683] | 在馆 | |
| 2 | 0849688 | 208496885 | 第三借阅区/ [索取号:TU45/683] | 在馆 | |
| 3 | 0849689 | 208496894 | 第三借阅区/ [索取号:TU45/683] | 在馆 | |
| 4 | 0849690 | 208496901 | 第三借阅区/ [索取号:TU45/683] | 在馆 |